000 00520nam a2200133Ia 4500
008 100328s9999 xx 000 0 und d
082 _b60893
100 _aगोडबोले अरुण.
245 _aपाचूचे मॉरिशस, सोन्याची दुबई.
260 _bकौशिक.
630 _aपाचूचे मॉरिशस, सोन्याची दुबई.
730 _aपाचूचे मॉरिशस, सोन्याची दुबई.
942 _cBOOK
999 _c547008
_d547005